000
00260nam a22001217a 4500
008
171013b xxu||||| |||| 00| 0 eng d
041
_a
eng
080
_a
316
100
_a
50
101
_a
soc
245
_a
THE SOCIAL ANIMAL
_c
ELLIOT.A
942
_2
udc
_c
BK
999
_c
33611
_d
33611